| 000 -ლიდერი |
| ფიქსირებული სიგრძის საკონტროლო ველი |
00903nam a22001937a 4500 |
| 003 - საკონტროლო ნომრის იდენტიფიკატორი |
| საკონტროლო ველი |
Ge_BSU |
| 005 - ბოლო ოპერაციის თარიღი და დრო |
| საკონტროლო ველი |
20240611171039.0 |
| 008 - ფიქსირებული სიგრძის მონაცემთა ელემენტები - ზოგადი ინფორმაცია |
| ფიქსირებული სიგრძის საკონტროლო ველი |
240611s1948 ge ||||| |||| 00| 0 geo d |
| 041 ## - ენის კოდი |
| Language code of text/sound track or separate title |
geo |
| 080 ## - უნივერსალური ათობითი კლასიფიკაციის ინდექსი |
| Universal Decimal Classification number |
616(063) ე-91 |
| 245 ## - ცნობა სათაურის შესახებ |
| Title |
ექსპერიმენტული და კლინიკური ქირურგიისა და ჰემატოლოგიის ინ-ტი : |
| Remainder of title |
შრომები ტ. 1 / |
| Statement of responsibility, etc |
რედ. გრ. მუხაძე. |
| 264 ## - წარმოების, გამოცემის, დისტრიბუციის და სხვა ცნობები |
| გამოცემის, წარმოების, დისტრიბუციის... ადგილი |
თბ. : |
| გამოცემის, წარმოების, დისტრიბუციის... სახელწოდება |
საქ. სსრ მეცნ. აკად. გამ-ბა და სტ., |
| გამოცემის, წარმოების, დისტრიბუციის... თარიღი |
1948. |
| 300 ## - ფიზიკური აღწერა |
| Extent |
142 გვ.; |
| Other physical details |
24 სმ. |
| 500 ## - ზოგადი შენიშვნა |
| General note |
პარალ. სათ. რუს. ენაზე |
| 653 ## - INDEX TERM--UNCONTROLLED |
| Uncontrolled term |
ქირურგია |
| 653 ## - INDEX TERM--UNCONTROLLED |
| Uncontrolled term |
ჰემატოლოგია |
| 700 ## - ADDED ENTRY--PERSONAL NAME |
| Personal name |
მუხაძე, გრ. |
| Relator term |
რედაქტორი |
| 9 (RLIN) |
22401 |
| 942 ## - ADDED ENTRY ELEMENTS (KOHA) |
| Source of classification or shelving scheme |
|
| Koha item type |
წიგნი |